História, súčasnosť a budúcnosť marketingu na internete diplomová práca

Uložené v:
Podrobná bibliografia
Hlavný autor: Gašpar, Ondrej
Korporativný autor: Obchodná fakulta EU. Katedra marketingu
Ďalší autori: Rubaninská, Kamila
Médium: Kniha
Jazyk:Slovak
Vydavateľské údaje: Bratislava 2011
Tagy: Pridať tag
Žiadne tagy, Buďte prvý, kto otaguje tento záznam!

MARC

LEADER 00000nbm a2200000 4500
001 0131931
005 20161109101743.6
041 0 |a slo 
044 |a SK 
245 1 0 |a História, súčasnosť a budúcnosť marketingu na internete  |b diplomová práca  |c Ondrej Gašpar ; školiteľ: Kamila Rubaninská 
264 1 |a Bratislava  |c 2011 
300 |a 62 s. 
100 1 |a Gašpar, Ondrej 
700 1 |a Rubaninská, Kamila 
710 2 |a Obchodná fakulta EU. Katedra marketingu